000 00655nam a2200169Ia 4500
008 090711s9999 xx 000 0 und d
082 _b58038
100 _aबेहेरे माधव उाgऎ.
245 _aअदृश्य माणूस अर्थात डॉ. केदार
260 _c1960
300 _a84
600 _aबेहेरे माधव उाgऎ.
630 _aअदृश्य माणूस अर्थात डॉ. केदार
700 _aबेहेरे माधव उाgऎ.
730 _aअदृश्य माणूस अर्थात डॉ. केदार
942 _cBOOK
999 _c321402
_d321402